Comprehensive survey of sedimentation in Lake Mead, 1948-49, (Record no. 29459)
[ view plain ]
| 000 -LEADER | |
|---|---|
| fixed length control field | 01126cam a22002651i 4500 |
| 001 - CONTROL NUMBER | |
| control field | gs 60000223 |
| 003 - CONTROL NUMBER IDENTIFIER | |
| control field | DLC |
| 005 - DATE AND TIME OF LATEST TRANSACTION | |
| control field | 20260227111409.0 |
| 008 - FIXED-LENGTH DATA ELEMENTS--GENERAL INFORMATION | |
| fixed length control field | 780303s1960 dcuabd b f000 0 eng |
| 010 ## - LIBRARY OF CONGRESS CONTROL NUMBER | |
| LC control number | gs 60000223 |
| 035 ## - SYSTEM CONTROL NUMBER | |
| System control number | (OCoLC)3686525 |
| 040 ## - CATALOGING SOURCE | |
| Original cataloging agency | DLC |
| Transcribing agency | OClU |
| Modifying agency | ISS |
| -- | OCoLC |
| -- | DLC |
| 050 00 - LIBRARY OF CONGRESS CALL NUMBER | |
| Classification number | QE75 |
| Item number | .P9 no. 295 |
| 086 0# - GOVERNMENT DOCUMENT CLASSIFICATION NUMBER | |
| Classification number | I 19.16:295 |
| 100 1# - MAIN ENTRY--PERSONAL NAME | |
| Personal name | Smith, W. O. |
| Fuller form of name | (William Ogden), |
| Dates associated with a name | 1898- |
| 245 10 - TITLE STATEMENT | |
| Title | Comprehensive survey of sedimentation in Lake Mead, 1948-49, |
| Statement of responsibility, etc. | by W. O. Smith, C. P. Vetter, G. B. Cummings, and others. |
| 260 ## - PUBLICATION, DISTRIBUTION, ETC. | |
| Place of publication, distribution, etc. | Washington : |
| Name of publisher, distributor, etc. | U.S. Govt. Print. Off., |
| Date of publication, distribution, etc. | 1960. |
| 300 ## - PHYSICAL DESCRIPTION | |
| Extent | xii, 254 p. : |
| Other physical details | ill., maps, diagrs., tables. ; |
| Dimensions | 29 cm. |
| 410 20 - SERIES STATEMENT/ADDED ENTRY--CORPORATE NAME [OBSOLETE, CAN/MARC], [LOCAL, USA] | |
| Corporate name or jurisdiction name as entry element | Geological Survey (U.S.). |
| Title of a work | Professional paper ; |
| Volume number/sequential designation | 295 |
| 500 ## - GENERAL NOTE | |
| General note | Part of illustrative matter in pocket. |
| 500 ## - GENERAL NOTE | |
| General note | "Prepared in collaboration with the U. S. Department of the Interior, Bureau of Reclamation [several other Federal agencies and the] University of California, Scripps Institution of Oceanography." |
| 504 ## - BIBLIOGRAPHY, ETC. NOTE | |
| Bibliography, etc. note | Includes bibliographies. |
| 651 #0 - SUBJECT ADDED ENTRY--GEOGRAPHIC NAME | |
| Geographic name | Mead, Lake (Ariz. and Nev.) |
| 650 #0 - SUBJECT ADDED ENTRY--TOPICAL TERM | |
| Topical term or geographic name entry element | Reservoir sedimentation |
No items available.